000 00212 a2200097 4500
001 4127
100 _aFitzgerald,a.E
245 _aBasic electrical engineering
260 _a
_bMcgrawhill
_c
090 _c3344
_d3344
942 _aNUST-CAE
_cM
_c26047
999 _c239200
_d239200